000 01711cam a2200409 a 4500
001 15021210
003 OSt
005 20230605093444.0
008 070925s2006 sw ab b 001 0 eng
010 _a 2007476648
020 _a9185391654 (pbk.)
020 _a9789185391653 (pbk.)
035 _a(OCoLC)ocn123373150
040 _aUKM
_cUKM
_dBAKER
_dYDXCP
_dNLGGC
_dNLC
_dDLC
042 _aukblsr
_alccopycat
082 _a324.63
_bWAL
245 0 0 _aElectoral management design :
_bthe International IDEA handbook /
_cAlan Wall ... [et al.].
260 _aStockholm :
_bInternational IDEA ;
_a[Lancaster :
_bGazelle Drake Academic, distributor],
_cc2006.
300 _axiv, 373 p. :
_bcol. ill., col. map ;
_c25 cm. +
_e1 sheet 20 x 42 cm., 1 sheet 42 x 60 cm.
490 1 _aHandbook series
504 _aIncludes bibliographical references and index.
650 0 _aElections
_xManagement.
650 0 _aElection officials.
650 0 _aPolitics, Practical.
650 1 7 _aVerkiezingen.
_2gtt
650 1 7 _aOrganisatie.
_2gtt
650 1 7 _aToezicht.
_2gtt
651 7 _aOntwikkelingslanden.
_2gtt
700 1 _aWall, Alan,
_d1949-
710 2 _aInternational Institute for Democracy and Electoral Assistance.
830 0 _aHandbook series (International Institute for Democracy and Electoral Assistance)
856 4 2 _3Contributor biographical information
_uhttp://www.loc.gov/catdir/enhancements/fy0801/2007476648-b.html
856 4 2 _3Publisher description
_uhttp://www.loc.gov/catdir/enhancements/fy0801/2007476648-d.html
906 _a7
_bcbc
_ccopycat
_d3
_encip
_f20
_gy-gencatlg
942 _2ddc
_cBK
999 _c238
_d238